| 000 | 01050cam a22003133a 4500 | ||
|---|---|---|---|
| 001 | 20080 | ||
| 003 | PGUSA | ||
| 005 | 20140828083426.0 | ||
| 008 | 061210s2006||||xxu|||||s|||||000 1 eng d | ||
| 040 |
_aPGUSA _beng |
||
| 042 | _adc | ||
| 050 | 4 | _aPZ | |
| 100 | 1 | _aDyer, Gertrude P. | |
| 245 | 1 | 0 |
_aLittle Pollie : _bOr a Bunch of Violets _h[electronic resource] / _cGertrude P. Dyer |
| 260 |
_bProject Gutenberg, _c2006 |
||
| 506 | _aPublic domain in the USA. | ||
| 516 | _aElectronic text | ||
| 653 | _aLondon (England) -- Social conditions -- 19th century -- Juvenile fiction | ||
| 653 | _aChristian life -- Juvenile fiction | ||
| 653 | _aChildren of alcoholics -- Juvenile fiction | ||
| 653 | _aChild labor -- Juvenile fiction | ||
| 653 | _aFriendship -- Juvenile fiction | ||
| 653 | _aTemperance -- Juvenile fiction | ||
| 653 | _aPoor -- England -- London -- Juvenile fiction | ||
| 653 | _aKindness -- Juvenile fiction | ||
| 830 | 0 |
_aProject Gutenberg _v20080 |
|
| 856 | 4 | 0 | _uhttp://www.gutenberg.org/ebooks/20080 |
| 942 | _cEB | ||
| 999 |
_c249335 _d249335 |
||